| 000 | 00552cam a2200193 4500500 | ||
|---|---|---|---|
| 005 | 20260405000818.0 | ||
| 041 | _afre | ||
| 042 | _adc | ||
| 100 | 1 | 0 |
_aBollon, Patrice _eauthor |
| 245 | 0 | 0 | _aQuitter l’Occident |
| 260 | _c2009. | ||
| 500 | _a69 | ||
| 690 | _aChine | ||
| 690 | _aInde | ||
| 690 | _aOrient | ||
| 690 | _aPensées d’ailleurs | ||
| 786 | 0 | _nPhilosophie magazine | 32 | 9 | 2009-09-01 | p. 16-16 | 1951-1787 | |
| 856 | 4 | 1 | _uhttps://shs.cairn.info/magazine-philosophie-magazine-2009-9-page-16?lang=fr&redirect-ssocas=7080 |
| 999 |
_c2040992 _d2040992 |
||